000 00440nam a22001457a 4500
003 macl
005 20180408135241.0
008 180408b xxu||||| |||| 00| 0 eng d
040 _cmacl
100 _aआशापूर्णा देवी
_945022
245 _aगांधीरी
260 _aनई दिल्‍ली
_bचेतन प्रकाशन
_c2017
650 _aउपन्‍यास
_971857
942 _2ddc
_cHIN
999 _c57593
_d57593